| 000 | 01092nam a2200277Ia 4500 | ||
|---|---|---|---|
| 003 | OSt | ||
| 005 | 20221005104247.0 | ||
| 006 | a|||||r|||| 00| 0 | ||
| 007 | ta | ||
| 008 | 221004b |||||||| |||| 00| 0 hin d | ||
| 020 | _cINR 595.00 | ||
| 024 | _a42559 | ||
| 037 |
_b319, 11/03/2019, Eastern Book Linkers _cTextual |
||
| 040 |
_aCRL _cCRL _bhin |
||
| 041 |
_2hin _ahin |
||
| 082 | _aV2:51.N5, 152M7.1-.3 | ||
| 100 | _aताराचंद, ले. | ||
| 245 | 0 | _aभारतीय स्वतंत्रता आन्दोलन का इतिहास | |
| 246 | _aBhāratīya svatantratā āndolan kā itihāsa | ||
| 250 | _aसंस्करण 5 | ||
| 260 |
_aदिल्ली _bप्रकाशन विभाग सूचना और प्रसारण मंत्रालय भारत _c2017 |
||
| 490 | _vखंड 1 | ||
| 650 |
_aभारत-इतिहास _9156353 |
||
| 942 |
_hV2:51.N5, 152M7.1-.3 _cTEXL _2cc |
||
| 999 |
_c1012181 _d1012181 |
||